L'Etat et le citoyen.

Saved in:
Bibliographic Details
Corporate Author: Club Jean Moulin
Format: Book
Language:French
Published: Paris : Editions du Seuil, 1961.
Subjects:
LEADER 00702nam a22001931 4500
001 c000360488
003 CARM
005 00000000000000.0
008 851113s1961 fr 0 fre d
019 1 |a 28013985  |z 4137541  |5 LACONCORD2021 
035 |a (OCoLC)2746016  |5 LACONCORD2021 
110 2 0 |a Club Jean Moulin. 
245 1 2 |a L'Etat et le citoyen. 
260 |a Paris :  |b Editions du Seuil,  |c 1961. 
651 0 |a France  |x Politics and government  |y 1945- 
852 8 |b CARM  |h A1:AM14B0  |i B09416  |p 0429344  |f BK 
082 0 4 |a 944.083 
999 f f |i 64144f12-901c-5383-ac05-3b8aa76c4be0  |s 4889ec49-db38-5962-8161-3c7dfdf35e7f 
952 f f |p Can circulate  |a CAVAL  |b CAVAL  |c CAVAL  |d CARM 1 Store  |e B09416  |f A1:AM14B0  |h Other scheme  |i book  |m 0429344